| 000 | 01037cam a2200277 a 4500 | ||
|---|---|---|---|
| 001 | 12169895 | ||
| 003 | ARRUPE | ||
| 005 | 20151104122226.0 | ||
| 008 | 000911s1945 enk 001 0aeng | ||
| 010 | _a 45004679 | ||
| 040 |
_aDLC _cDLC |
||
| 050 | 0 | 0 |
_aPR5195 _b.A3 1945 |
| 100 | 0 |
_aQ, _d1863-1944. _920929 |
|
| 245 | 1 | 0 |
_aMemories & opinions : _ban unfinished autobiography / _cby Q ; edited, with an introduction, by S.C. Roberts. |
| 246 | 3 | _aMemories and opinions | |
| 260 |
_aCambridge [England] : _bUniversity Press ; _aNew York : _bMacmillan, _c1945. |
||
| 300 |
_axii, 105 p. ; _c20 cm. |
||
| 600 | 1 | 0 |
_aQuiller-Couch, Arthur, _d1863-1944. _920930 |
| 700 | 1 |
_aRoberts, S. C. _q(Sydney Castle), _d1887-1966. _920931 |
|
| 700 | 1 |
_aRogers, Bruce, _d1870-1957, _eformer owner. _5DLC _920932 |
|
| 710 | 2 |
_aPforzheimer Bruce Rogers Collection (Library of Congress) _5DLC _95079 |
|
| 906 |
_a7 _bcbc _cpremver _d1 _encip _f19 _gy-gencatlg |
||
| 942 |
_2lcc _cMONOGRAPH |
||
| 999 |
_c123739 _d123739 |
||